Dynamical systems and liner Algebra / (Record no. 139111)
[ view plain ]
| 000 -LEADER | |
|---|---|
| fixed length control field | 00785nam a22002177a 4500 |
| 005 - DATE AND TIME OF LATEST TRANSACTION | |
| control field | 20170420121152.0 |
| 010 ## - LCCN (DPL NO) | |
| LC control number | ENG-117892 |
| 020 ## - INTERNATIONAL STANDARD BOOK NUMBER | |
| Terms of availability | 1155.00 |
| International Standard Book Number | 9791470437299 |
| 035 ## - SYSTEM CONTROL NUMBER | |
| System control number | EN-101424 |
| 037 ## - SOURCE OF ACQUISITION | |
| Source of stock number/acquisition | DBAD/PUB |
| 082 ## - DEWEY DECIMAL CLASSIFICATION NUMBER | |
| Classification number | 512.5 |
| 100 ## - MAIN ENTRY--PERSONAL NAME | |
| Personal name | Colonius, Fritz |
| 245 ## - TITLE STATEMENT | |
| Title | Dynamical systems and liner Algebra / |
| Statement of responsibility, etc | by Fritz Colonius [and] Wolfgana Kliemann |
| 260 ## - PUBLICATION, DISTRIBUTION, ETC. (IMPRINT) | |
| Place of publication, distribution, etc | New Delhi |
| Name of publisher, distributor, etc | American Mathematical Society |
| Date of publication, distribution, etc | 2017 |
| 270 ## - ADDRESS | |
| Address | Distributed by Universties Press,3-6-747/1/A3-6-754/1Himayat Nagar |
| City | Hydreabad (Telangana) |
| Postal code | 500029 |
| 300 ## - PHYSICAL DESCRIPTION | |
| Extent | xv,284p. |
| Dimensions | 24cm(pbk) |
| 490 ## - SERIES STATEMENT | |
| Series statement | Graduate Studies in Mathematics ; Volume 158 |
| 500 ## - GENERAL NOTE | |
| General note | Includes bibliographical references and index |
| 700 ## - ADDED ENTRY--PERSONAL NAME | |
| Personal name | Kliemann, Wolfgana |
| 942 ## - ADDED ENTRY ELEMENTS (KOHA) | |
| Source of classification or shelving scheme | Dewey Decimal Classification |
| Item type | English Books |
| Classification part | 512.5 |
| Call number suffix | COL |
| Withdrawn status | Lost status | Not for loan | Collection code | Home library | Current library | Date acquired | Source of acquisition | Cost, normal purchase price | Full call number | Barcode | Copy number | Cost, replacement price | Koha item type |
|---|---|---|---|---|---|---|---|---|---|---|---|---|---|
| Not For Loan | Non-fiction | D.B.Act.Division | D.B.Act.Division | 20/04/2017 | DBAD/PUB | 1155.00 | 512.5 COL | EN-101424 | 1 | 1155.00 | English Books |
